000 01096nam a22003490a 4500
001 PT23456
003 AR-LpoUNG
005 20210131233145.0
008 191001s1999||||mx |||||||||||||||||spa d
020 _a9684443641
_c$19,66
040 _aAR-LpoUNG
_bspa
_cAR-LpoUNG
_eaacr
041 _aspa
044 _amx
082 0 _a005.3 787uml
100 1 _aFowler, Martín
245 1 0 _aUML gota a gota
250 _a1ra. ed.
260 _aMéxico, D. F. :
_bAddison-Wesley Longman,
_c1999.
300 _a224 p. :
_btbls.
520 _a<p>Introduce al UML, subrayando los elementos claves de su notación, semántica y procesos, sus aspectos esenciales, conocimiento de cómo funciona dentro del proceso de desarrollo de software.</p>
650 4 _aCOMPUTACION
650 4 _aINFORMATICA
650 4 _aLENGUAJES DE PROGRAMACION
650 4 _aPROGRAMAS DE COMPUTADORA
650 4 _aTECNOLOGIA
700 1 _aGonzález V., Jaime
_etr.
700 1 _aGuerrero, Gabriel
_erev.
700 1 _aMorales Peake, David
_etr.
700 1 _aScott, Kendall
905 _a23456
942 _cLIB
999 _c19471
_d19471